Statistics for Paul Hogan Movies

Click here to take the quiz!

General Stats

  • This quiz has been taken 12 times
    (4 since last reset)
  • The average score is 5 of 10

Answer Stats

Hint Answer % Correct
1986Crocodile Dundee
100%
1988Crocodile Dundee 2
100%
1996Flipper
67%
2001Crocodile Dundee in Los Angeles
67%
1990Almost An Angel
33%
1994Lightning Jack
33%
1998Floating Away
33%
2004Strange Bedfellows
33%
2009Charlie & Boots
33%
2018That's Not My Dog!
33%

Score Distribution

Percentile by Number Answered

Percent of People with Each Score

Your Score History

You have not taken this quiz since the last reset